000 012290000a22002050004500
020 _a906311029-4 : Donación.
041 0 _aSpa.
082 0 4 _aG 238.5731 S6667m
245 1 0 _aEl movimiento Carismático / W. Smouter ... [et. al.]
260 _aRijswijk, Países Bajos : FELIRE (ver Fundación Editorial de Literatura Reformada)
300 _a115 p.
501 _aEncuadernado en rústico con pasta flexible
505 0 0 _aCreo en el Espíritu Santo / Rev. W. Smouter -- La dirección del Espíritu Santo / Dr. F. L. Schalwijk -- El movimiento carismático ¿cómo enfrentarlo cristianamente? / Rev. W. Smouter -- El movimiento carismático en la iglesia Católica Romana / F. J. Kerkhof -- El Espíritu Santo y su obra / Rev. A. J. Moggré -- Oración del Espíritu de Dios / Rev. J. C. Janes -- Fe y experiencia / Rev. W. Smouter -- El movimiento carismático: una aproximación histórica y doctrinal / Rev. E. Monjo -- A la ley y al testimonio / Rev. R. Cerni.
650 1 4 _aMOVIMIENTO CARISMATICO \ PENTECOSTALISMO \ MOVIMIENTO CARISMATICO - CREDO \ ESPIRITU SANTO
001 2119
942 _cBK
999 _c33150
_d33150
336 _atexto
_btxt
_2rdacontent
337 _2rdamedia
_asin mediación
_bn
338 _2rdacarrier
_avolumen
_bnc